| 000 | 00537nam a22001697a 4500 | ||
|---|---|---|---|
| 005 | 20251108164316.0 | ||
| 008 | 250721s1989 xx 000 0 ara d | ||
| 082 | 1 | 4 | _a355.3432/وود |
| 100 | 1 | _aوودورد، بوب | |
| 245 | 1 | 0 |
_aالحجاب : _bالحرب الخفية لوكالة المخابرات الأمريكية CIA / |
| 246 | 1 | 1 | _aVeil |
| 264 | 1 |
_aبيروت : _bدار المناهل، _c1989. |
|
| 300 | _a448ص | ||
| 650 | 1 | 7 | _aوكالة الإستخبارات المركزية |
| 942 |
_2ddc _cBK |
||
| 999 |
_c8944 _d8944 |
||